| 000 | 00526cam a2200193ua 4500 | ||
|---|---|---|---|
| 020 |
_a81-205-0089-X _c195.00 |
||
| 041 |
_aeng _h |
||
| 082 |
_a631.37 _bALE/MA |
||
| 100 | _aAlekseeva, T V . | ||
| 245 |
_aMachines for earthmoving work: Theory and calculations / _cT V Alekseeva. _hTextual Documents |
||
| 250 |
_a1 / _b. |
||
| 260 |
_aNew Delhi : _bAmerind Publishing Co Pvt Ltd , _c1985. |
||
| 300 | _a515 ; . | ||
| 365 | _a195.00 | ||
| 504 | _a | ||
| 942 | _cBK | ||
| 999 |
_c7313 _d7313 |
||